000
00282nam a22001337a 4500
008
180316b xxu||||| |||| 00| 0 eng d
020
_a
0030634482
041
_a
eng
080
_a
781
100
_a
45
101
_a
MUZ
245
_a
The Music Book
_c
Boardman, E
942
_2
udc
_c
BK
999
_c
45265
_d
45265